| 000 | 00619nam a2200229 a 4500 | ||
|---|---|---|---|
| 999 |
_c895 _d895 |
||
| 001 | 895 | ||
| 003 | BD-JhCC | ||
| 005 | 20171011105336.0 | ||
| 008 | 171011s2012 bg |||| ||a| 000 0 ben d | ||
| 020 | _a98483831990 | ||
| 035 | _a(BD-JhCC)895 | ||
| 040 |
_aBD-JhCC _dBD-JhCC |
||
| 041 | _aben | ||
| 082 |
_a981.443 _bRAS 2012. |
||
| 100 | _aরশীদ, শুজা | ||
| 245 |
_aগহীন অরণ্যে বৃষ্টি / _c শুজা রশীদ |
||
| 260 |
_aঢাকা : _bসৃজনী, _c2012. |
||
| 300 |
_a79 p. : _c21 cm. |
||
| 650 | _aBengali Novel | ||
| 942 |
_2ddc _cBK |
||